Gestión de documentos y evidencias electrónicas [Recurs electrònic]
ISBN:
978-84-8143-613-6
Descripción Física:
1 disc òptic (CD-ROM) ; 12 cm + 1 fulletó
Otros Autores:
Asociación Española de Normalización y Certificación
MARC
| LEADER | 00000nam a2200000Ia 4500 | ||
|---|---|---|---|
| 001 | 21045 | ||
| 008 | 160829s2008 xx 000 0 cat d | ||
| 020 | |a 978-84-8143-613-6 | ||
| 080 | |a CD-2-19 | ||
| 245 | |a Gestión de documentos y evidencias electrónicas [Recurs electrònic] | ||
| 260 | |a Madrid : |b Asociación Española de Normalización y Certificación, |c 2008 | ||
| 300 | |a 1 disc òptic (CD-ROM) ; |c 12 cm + 1 fulletó | ||
| 590 | |a Documents en format pdf. | ||
| 590 | |a Requeriments del sistema: Processador Intel Pentium a 1,3GHz; 128MB de RAM (es recomanen 256MB); 335MB d'espai lliure en el disc dur; Microsoft Internet Explorer; Ressolució de pantalla de 800x600 (es recomana 1024 x 768); Microsoft Windows; Adobe Reader o Adobe Acrobat. | ||
| 590 | |a Inclou la guía de l'usuari en castellà | ||
| 650 | |a Normes UNE |9 46288 | ||
| 650 | |a Documents electrònics |9 46076 | ||
| 650 | |a Gestió dels documents |x Normes |9 46289 | ||
| 700 | |a Asociación Española de Normalización y Certificación |9 6434 | ||
| 901 | |a Arxiu | ||
| 942 | |n 1 | ||
| 952 | |0 0 |1 0 |4 0 |6 CD219 |7 1 |9 53130 |a Arxiu |b Arxiu |d 2016-12-01 |l 0 |o CD-2-19 |p 21045 |r 2016-12-01 00:00:00 |w 2016-12-01 |y ARXIU | ||
| 999 | |c 56979 |d 56979 | ||